000 00470nam a2200169Ia 4500
003 GCL
008 140319s9999 xx 000 0 ara d
040 _aGCL /
_cGCL
082 0 4 _aد
_b050
100 1 _aجورج وهبة العفى
245 1 0 _aعصر الاليكترونات (اقرا 189 ) /
_cجورج وهبة العفى
300 _a134
490 _aاقرأ
_v0
650 0 4 _aالالكترونات
650 0 4 _aالالكترونيات
942 _2ddc
_cBK
999 _c48583
_d48583